Les Esquelles d'en Jaume : exposició permanent al Casal de Cultura del poble de Montseny exposició permanent al Casal de Cultura del poble de Montseny
Publicado:
Barcelona :
Diputació de Barcelona. Àrea d'Espais Naturals : Parc Natural del Montseny : Ajuntament de Montseny ,
2005
Descripción Física:
39 p. : fot. col. ; 21 cm
MARC
| LEADER | 00000nam a2200000Ia 4500 | ||
|---|---|---|---|
| 001 | 21067 | ||
| 008 | 160829s2005 xx 000 0 cat d | ||
| 080 | |a FU-30-3 | ||
| 245 | |a Les Esquelles d'en Jaume : |b exposició permanent al Casal de Cultura del poble de Montseny | ||
| 260 | |a Barcelona : |b Diputació de Barcelona. Àrea d'Espais Naturals : |b Parc Natural del Montseny : |b Ajuntament de Montseny, |c 2005 | ||
| 300 | |a 39 p. : |b fot. col. ; |c 21 cm | ||
| 610 | 0 | |a Parc Natural del Montseny (Catalunya) |9 10461 | |
| 650 | |a Esquelles |x Exposicions |9 43081 | ||
| 710 | |a Barcelona (Catalunya : Província). |b Àrea d'Espais Naturals |9 9050 | ||
| 710 | 1 | |a Montseny (Catalunya). |b Ajuntament |9 55498 | |
| 901 | |a Arxiu | ||
| 942 | |n 1 | ||
| 952 | |0 0 |1 0 |4 0 |6 FU303 |7 1 |9 51160 |a Arxiu |b Arxiu |d 2016-12-01 |l 0 |o FU-30-3 |p 21067 |r 2016-12-01 00:00:00 |w 2016-12-01 |y ARXIU | ||
| 999 | |c 55003 |d 55003 | ||